000 00625nam a2200181Ia 4500
008 090630s9999 xx 000 0 und d
082 _b11771
100 _aदेवळे श. रा.
245 _aगौतम बुध्द नवलकथा.
_cदेवळे श. रा.
260 _bमॅजेस्टीक.
_c1981
300 _a48
600 _aदेवळे श. रा.
630 _aगौतम बुध्द नवलकथा.
655 _aबालवाङमय.
700 _aदेवळे श. रा.
730 _aगौतम बुध्द नवलकथा.
942 _cBOOK
999 _c263627
_d263627